00603nam a22001577a 450000500170000002000220001703500120003903700130005110000250006424501420008926000350023130000190026694200250028599900170031095201180032720120320124437.0 a8178220040c95.00 aB-30280 aDPLbENG aUHL, Marianne943978 aChakra energy massage :bSpiritual evolution into the subconscious through activation of the energy points of the feet /cby Marianne Uhl aNew DelhibNew Age Booksc2000 a115p.c18 cms. 2ddccENh181.45mUHL c64170d64170 001040708NFICaZLSbZLSd2012-03-20g95.00l0o181.45 UHLpB-30280r2012-03-20 00:00:00v95.00w2012-03-20yEN